Govt. of
Madhya Pradesh

खोजा नसरूदीन के कारनामें (Record no. 58709)

MARC details
000 -LEADER
fixed length control field 00493nam a22001457a 4500
003 - CONTROL NUMBER IDENTIFIER
control field MACL
005 - DATE AND TIME OF LATEST TRANSACTION
control field 20181214161357.0
008 - FIXED-LENGTH DATA ELEMENTS--GENERAL INFORMATION
fixed length control field 181214b xxu||||| |||| 00| 0 eng d
040 ## - CATALOGING SOURCE
Transcribing agency MACL
100 ## - MAIN ENTRY--PERSONAL NAME
Personal name मरियम लुबना
9 (RLIN) 61726
245 ## - TITLE STATEMENT
Title खोजा नसरूदीन के कारनामें
260 ## - PUBLICATION, DISTRIBUTION, ETC. (IMPRINT)
Place of publication, distribution, etc. दिल्‍ली
Name of publisher, distributor, etc. हिन्‍दी भाषा अकादमी
Date of publication, distribution, etc. 2016
650 ## - SUBJECT ADDED ENTRY--TOPICAL TERM
Topical term or geographic name as entry element व्‍यंग्‍य
9 (RLIN) 73394
942 ## - ADDED ENTRY ELEMENTS (KOHA)
Source of classification or shelving scheme
Koha item type Hindi Books
Holdings
Withdrawn status Lost status Source of classification or shelving scheme Damaged status Not for loan Home library Current library Date acquired Cost, normal purchase price Total Checkouts Total Renewals Full call number Barcode Date last seen Date last checked out Price effective from Koha item type
          MACL MACL 14/12/2018 450.00 5 1 891.437/MAR CRH033722 19/04/2024 07/04/2024 14/12/2018 Hindi Books